| 000 | 00760nam a2200205 i 4500 | ||
|---|---|---|---|
| 001 | 78387 | ||
| 003 | ES-MaACL | ||
| 005 | 20230906173701.0 | ||
| 007 | t| | ||
| 008 | 041014s1949 sp ||||1| spa d | ||
| 100 | 1 |
_aHatzfeld, Helmut. _962079 |
|
| 245 | 1 | 4 |
_aEl "Quijote" como obra de arte del lenguaje / _cHelmut Hatzfeld ; traducción de M.C. de I. |
| 260 |
_aMadrid : _bPatronato del IV Centenario del Nacimiento de Cervantes, _c1949 ( _fS. Aguirre) |
||
| 300 |
_a433 p. ; _c24 cm. |
||
| 600 | 1 | 4 |
_aCervantes Saavedra, Miguel de, _d1547-1616. _tDon Quijote de la Mancha _937612 |
| 700 | 1 |
_aI., M. C. de. _9208702 |
|
| 710 | 1 |
_aPatronato del IV Centenario del Nacimiento de Cervantes. _96182 |
|
| 852 |
_aES-MaACL _jD-7211 _bR.29417 |
||
| 999 |
_c78387 _d78387 |
||